Statistics for Top 12 Toronto Raptors Players

Click here to take the quiz!

General Stats

  • This quiz has been taken 138 times
    (62 since last reset)
  • The average score is 6 of 12

Answer Stats

Rank Player Win Share % Correct
1Kyle Lowry65.5
100%
3DeMar DeRozan54.0
96%
4Vince Carter47.7
94%
2Chris Bosh61.8
83%
12Pascal Siakam18.2
54%
5Jonas Valanciunas43.8
50%
9Antonio Davis22.8
30%
6Jose Calderon41.5
28%
8Morris Peterson30.5
20%
7Amir Johnson32.8
17%
11Alvin Williams20.4
11%
10Doug Christie21.1
9%

Score Distribution

Percentile by Number Answered

Percent of People with Each Score

Your Score History

You have not taken this quiz since the last reset